Top 40 ♀️ Vornamen der 1890er Jahre - Statistiken

Allgemein
  • Dieses Quiz wurde 30 mal gespielt
    16 seit der letzten Aktualisierung
  • Das Durchschnittsergebnis liegt bei 26 aus 40
Antwortstatistiken
📍 Vorname % Korrekt
An.a Anna
100%
C.r.l.n Carolin
94%
Ge.t..d Gertrud
94%
K.t..r..a Katharina
94%
El.s.b..h Elisabeth
88%
Em.a Emma
88%
J.h.n.a Johanna
88%
Ma.g.r..e Margarete
88%
M.r.a Maria
88%
A.n.s Agnes
81%
Do.a Dora
81%
He.w.g Hedwig
81%
C.a.l.t.e Charlotte
75%
D.r.t..a Dorothea
75%
Em.l.e Emilie
75%
Er.a Erna
75%
I.a Ida
75%
M.r.e Marie
75%
M.t..l.e Mathilde
75%
El.a Ella
69%
El.a Elsa
63%
K.t.e Käthe
63%
Ma.g.r..a Margareta
63%
Ma.t.a Martha
63%
Ol.a Olga
63%
Wi.h..m..e Wilhelmine
63%
Be.t.a Bertha
56%
C.a.a Clara
56%
El.e Else
56%
H.l..e Helene
56%
P.u.a Paula
56%
Al.a Alma
50%
A.g.s.e Auguste
44%
Fr.e.a Frieda
44%
L.i.e Luise
44%
He.t.a Hertha
38%
M.n.a Minna
38%
E.i.e Elise
31%
H.n.i Henni
19%
Me.a Meta
13%
Keine übereinstimmenden Quizze gefunden
Verteilung der Resultate
Anzahl Personen mit jedem Resultat
Perzentil nach korrekt beantworteten Fragen
Ihre Resultats-Entwicklung
Sie haben dieses Quiz seit der letzten Aktualisierung nicht gespielt